Frankreich, Spanien oder Portugal? - Statistiken

Allgemein
  • Dieses Quiz wurde 89 mal gespielt
  • Das Durchschnittsergebnis liegt bei 9 aus 12
Antwortstatistiken
Frage Antwort % Korrekt
...das sich über die größte Fläche erstreckt. Frankreich🇫🇷
96%
...das an beide der zwei anderen Länder, die im Titel genannt werden, grenzt. Spanien🇪🇸
96%
...das nicht auf der Iberischen Halbinsel liegt. Frankreich🇫🇷
95%
...das nicht an das Mittelmeer grenzt. Portugal🇵🇹
95%
...dessen Hauptstadt die wenigsten Einwohner hat. Portugal🇵🇹
93%
...in dem die meisten Menschen leben. Frankreich🇫🇷
88%
...dessen Bruttoinlandsprodukt am höchsten ist. Frankreich🇫🇷
88%
...das den ESC bisher nur einmal gewonnen hat. Portugal🇵🇹
74%
...dessen Küstenlänge am größten ist. (Nur der Teil, der in Europa liegt) Spanien🇪🇸
53%
...das die längste Atlantikküste besitzt. Portugal🇵🇹
41%
...das von diesen Ländern zuletzt der NATO beitrat. Spanien🇪🇸
29%
...das über die größte Hauptstadt verfügt. (Nach Einwohnern) Spanien🇪🇸
14%
Keine übereinstimmenden Quizze gefunden
Verteilung der Resultate
Anzahl Personen mit jedem Resultat
Perzentil nach korrekt beantworteten Fragen
Ihre Resultats-Entwicklung
Sie haben dieses Quiz noch nicht gespielt